000 00662cam a22002293a 4500
001 12610
003 PGUSA
005 20140828083254.0
008 040601s2004||||xxu|||||s|||||000 1 eng d
040 _aPGUSA
_beng
042 _adc
050 4 _aPZ
100 1 _aCarr, Annie Roe
245 1 0 _aNan Sherwood's Winter Holidays; Or, Rescuing the Runaways
_h[electronic resource] /
_cAnnie Roe Carr
260 _bProject Gutenberg,
_c2004
506 _aPublic domain in the USA.
516 _aElectronic text
653 _aVacations -- Juvenile fiction
830 0 _aProject Gutenberg
_v12610
856 4 0 _uhttp://www.gutenberg.org/ebooks/12610
942 _cEB
999 _c241865
_d241865